|
|
|
|
| LEADER |
00000nam0a2200000 4500 |
| 001 |
267625 |
| 005 |
20231101234108.0 |
| 020 |
|
|
|a RU
|b 87-13600
|
| 035 |
|
|
|a (RuTPU)RU\TPU\book\290682
|
| 090 |
|
|
|a 267625
|
| 100 |
|
|
|a 20140731d1987 km y0rusy5003 ca
|
| 101 |
0 |
|
|a rus
|
| 102 |
|
|
|a RU
|
| 105 |
|
|
|a a z 001zy
|
| 200 |
1 |
|
|a Повышение надежности металлических конструкций зданий и сооружений при реконструкции
|f М. Н. Лащенко
|
| 210 |
|
|
|a Ленинград
|c Стройиздат
|d 1987
|
| 215 |
|
|
|a 136 с.
|c ил.
|d 22 см
|
| 320 |
|
|
|a Библиогр.: с. 131-134 (72 назв.).
|
| 606 |
1 |
|
|a Металлические конструкции
|x Испытание
|2 stltpush
|3 (RuTPU)RU\TPU\subj\42318
|9 61997
|
| 606 |
1 |
|
|a Здания и постройки
|x Ремонт
|2 stltpush
|3 (RuTPU)RU\TPU\subj\11591
|9 38512
|
| 610 |
1 |
|
|a надежность
|
| 610 |
1 |
|
|a реконструкция
|
| 610 |
1 |
|
|a аварийные ситуации
|
| 610 |
1 |
|
|a отказы
|
| 610 |
1 |
|
|a прочность
|
| 610 |
1 |
|
|a защита от коррозии
|
| 610 |
1 |
|
|a низкие температуры
|
| 610 |
1 |
|
|a хладостойкие металлы
|
| 675 |
|
|
|a 691.7
|z rus
|v 3
|
| 675 |
|
|
|a 69.059.3
|z rus
|v 3
|
| 700 |
|
1 |
|a Лащенко
|b М. Н.
|g Михаил Николаевич
|4 070
|
| 801 |
|
0 |
|a RU
|b RuMRKP
|c 19950417
|g psbo
|
| 801 |
|
1 |
|a RU
|b 63413507
|c 20140731
|
| 801 |
|
2 |
|a RU
|b 63413507
|c 20151119
|g RCR
|
| 942 |
|
|
|c BK
|